Filmographie de Jean-Claude Van Damme - Statistiques

Statistiques générales
  • Ce quiz a été pris 35 fois
  • Le résultat moyen est 17 sur 62
Statistiques - réponses
Date Réponse Rôle % Correct
1988 Bloodsport, tous les coups sont permis Frank
85%
1989 Kickboxer Kurt Sloane
85%
1991 Double Impact Alex/Chad Wagner
78%
1990 Full Contact Lyon
78%
2008 JCVD Rôle titre
78%
1992 Universal Soldier Luc Deveraux/GR44
74%
1994 Street Fighter : L'Ultime Combat Colonel Guile
67%
1989 Cyborg Gibson Rickenbacker
63%
2012 Expendables 2 : Unité spéciale Vilain
63%
1996 Le grand tournoi Christopher Dubois
63%
1993 Chasse à l'homme Chance Boudreaux
56%
1985 Karaté Tiger : Le Tigre rouge Ivan Kraschinsky le russe
56%
1994 Timecop Walker
52%
1997 Double Team Jack Quinn
48%
1990 Coups pour coups Louis Burke
41%
1998 Légionnaire Alain Lefevre
41%
1999 Universal Soldier: Le combat absolu Luc
41%
1993 Cavale sans issue Sam Gillen
37%
2003 In Hell Kyle LeBlanc
33%
1996 Risque maximum Alain Moreau/Mikhail Suverov
33%
1999 Inferno Eddie Lomax
30%
1998 Piège à Hong Kong Marcus Ray
30%
2001 Replicant Rôle titre/Edward Garrotte
30%
1988 Black eagle - L'arme absolue Andrei
26%
1995 Mort subite Darren McCord
26%
2009 Universal Soldier: Régénération Luc Deveraux
26%
2004 Narco Jean-Claude Van Damme fantasmé par Lenny
22%
2012 Universal Soldier: Le Jour du jugement Luc Deveraux
22%
2018 Kickboxer: L'héritage Durand
19%
2004 L'empreinte de la mort Ben Archer
19%
1984 Monaco Forever Gay Karate Man
19%
2001 The Order Rudy Cafmeyer
19%
2006 Hard Corps: Unité d'élite Philippe Sauvage
15%
2016 Kickboxer: Vengeance Master Durand
15%
1993 Last Action Hero Jean-Claude Van Damme
15%
2006 Ultime Menace Cmdr. Sam Keenan
15%
2011 Assassination Games Vincent Brazil
11%
2007 Jusqu'à la mort Anthony Stowe
11%
2011 Kung Fu Panda 2 Master Croc (voix)
11%
2002 Point d'impact Jacques Kristoff
11%
2012 Six Bullets Samson Gaul
11%
2012 U.F.O. George
11%
2014 Duels Stillman
7%
2024 Hatch - Protection rapprochée Russell Hatch
7%
2016 Kung Fu Panda 3 Master Croc (voix)
7%
2006 L'Exam Charles
7%
2018 Lukas Rôle titre
7%
2013 Welcome to the Jungle Storm
7%
2011 Beur sur la ville Le colonel
4%
2018 Black Water Wheeler
4%
2012 Corporal vs. Napoleon Jean-Claude Van Damme
4%
2012 Dragon Eyes Tiano
4%
2015 Jian Bing Man Jean-Claude Van Damme
4%
2015 La Vengeance sous la peau Deacon Lyle
4%
2021 Le dernier mercenaire Richard Brumére
4%
2008 L'empreinte de la vengeance Jack Robideaux
4%
2022 Les Minions 2 : Il était une fois Gru Jean-Clawed (voix)
4%
2010 The Eagle Path Frenchy
4%
2013 Enemies Closer Xander
0%
2021 Haters Le fan de Thomas
0%
2017 Kill 'Em All Phillip
0%
2019 Le Sang du cartel Daniel
0%
Aucun quiz correspondant
Distribution des résultats
% des personnes avec chaque résultat
Percentile par nombre de réponses
Votre historique - résultats
Vous n’avez pas pris ce quiz